UBT Library

Science demonstrations for the elementary classroom / (Record no. 41474)

000 -LEADER
fixed length control field 00577pam a2200217 a 4500
001 - CONTROL NUMBER
control field 2909110
005 - DATE AND TIME OF LATEST TRANSACTION
control field 20180201040803.0
008 - FIXED-LENGTH DATA ELEMENTS--GENERAL INFORMATION
fixed length control field 880209s1988 nyua b 000 0 eng
010 ## - LIBRARY OF CONGRESS CONTROL NUMBER
LC control number 88004137
020 ## - INTERNATIONAL STANDARD BOOK NUMBER
International Standard Book Number 013794652X
040 ## - CATALOGING SOURCE
Original cataloging agency DLC
Transcribing agency DLC
Modifying agency DLC
041 ## - LANGUAGE CODE
Language code of text/sound track or separate title eng
080 ## - UNIVERSAL DECIMAL CLASSIFICATION NUMBER
Universal Decimal Classification number 72.35044 ALL
082 00 - DEWEY DECIMAL CLASSIFICATION NUMBER
Classification number 372.35044 ALL
Edition number 19
100 1# - Rafti
Rafti 45
101 ## - Shkurtesa
Shkurtesa EDU
245 10 - TITLE STATEMENT
Title Science demonstrations for the elementary classroom /
Statement of responsibility, etc Dorothea Allen.
504 ## - BIBLIOGRAPHY, ETC. NOTE
Bibliography, etc Bibliography: p. 265-266.
906 ## - LOCAL DATA ELEMENT F, LDF (RLIN)
a 7
b cbc
c orignew
d 1
e ocip
f 19
g y-gencatlg
942 ## - ADDED ENTRY ELEMENTS (KOHA)
Source of classification or shelving scheme
Item type Books
Holdings
Withdrawn status Lost status Source of classification or shelving scheme Damaged status Not for loan Collection code Permanent location Current location Shelving location Date acquired Total Checkouts Full call number Barcode Date last seen Price effective from Koha item type
          Koleksioni i përgjithshem UBT - Lipjan UBT - Lipjan Koleksioni i përgjithshem 02/01/2018   372.35044 ALL 002-2997773 02/01/2018 02/01/2018 Books
UBT Library © 2015-2024. All rights reserved University Education for Business and Technology